| 000 | 00761nam a22001817a 4500 | ||
|---|---|---|---|
| 005 | 20260116102045.0 | ||
| 010 | _aHIN-130814 | ||
| 020 |
_a9789391546144 _c200.00 |
||
| 035 | _aHN-103160 | ||
| 037 | _bDBAD | ||
| 082 | _a821 | ||
| 100 |
_aइलाहाबादी ,गौतम _986461 |
||
| 245 |
_aगौतम सतसई : _cगौतम इलाहाबादी _bअक्षर अंताक्षरी / |
||
| 260 |
_aनई दिल्ली _bशब्दांकुर प्रकाशन _c2021 |
||
| 270 |
_aजे-द्वितीय तल -41, मदनगीर, _bनई दिल्ली _e110062 |
||
| 300 |
_a108पृ. _c22सेमी (अजिल्द) |
||
| 942 |
_2ddc _cHN _h821 _mइलाहा |
||
| 999 |
_c214199 _d214199 |
||